Films par GIFS #3 - Statistiques

Statistiques générales
  • Ce quiz a été pris 187 fois
  • Le résultat moyen est 13 sur 30
Statistiques - réponses
Hint Réponse % Correct
Scary Movie
89%
127 Heures
76%
Lucy
76%
Oppenheimer
74%
Paranormal Activity
74%
Le Pianiste
68%
La Vie est belle
59%
M3GAN
59%
Esther
49%
Irréversible
47%
Annabelle
46%
Apollo 13
45%
Le Stratège
45%
Premier Contact
45%
Waterworld
43%
Trap
42%
Rec
41%
Mystic River
39%
L'Exorciste
36%
Evil Dead Rise
33%
Grave
30%
Impitoyable
25%
Stalingrad
25%
Starship Troopers
25%
Midnight Express
24%
Jeepers Creepers
23%
L'Enfer du dimanche
22%
Dead Silence
17%
Host
17%
Martyrs
15%
Aucun quiz correspondant
Distribution des résultats
% des personnes avec chaque résultat
Percentile par nombre de réponses
Votre historique - résultats
Vous n’avez pas pris ce quiz